| 000 | 02180cam a2200673 4500 | ||
|---|---|---|---|
| 008 | 090401t1996 xxu||||| |||| 00| 0 eng d | ||
| 020 | _a0952008076 | ||
| 035 | _a(Sirsi) u39829 | ||
| 041 | _aeng | ||
| 050 |
_a690.241 _c18 |
||
| 245 | 4 | _aThe conservation and and repair of ecclesiastical buildings | |
| 250 | _a3rd ed. | ||
| 260 |
_aLondon _bCathedral Communications Limited _c1996 |
||
| 300 |
_a48p. _bill. _c30cm. |
||
| 350 | _a5.95 | ||
| 490 |
_aBuilding Conservation Directory Special Report _v1 |
||
| 505 | _aAn open door policy | ||
| 505 | _aSecurity aspects | ||
| 505 | _aThe historic chapels trust's repair and conservation of Todmorden Unitarian Church | ||
| 505 | _aExhumations | ||
| 505 | _aStructural problems of spires and some remedies | ||
| 505 | _aUnderside condensation and corrosion of lead sheet roofs | ||
| 505 | _aPlanning and conservation control | ||
| 505 | _aStained glass and its decay | ||
| 505 | _aMonumental brasses | ||
| 505 | _aThe manufacture of replica inlaid medieval floor tiles | ||
| 505 | _aLight : the medium of vision | ||
| 505 | _aHeritage Lottery Fund | ||
| 520 | _aAn annual looking at issues surrounding the conservation and repair of churches which includes a directory of useful orgnaisations, products and services. | ||
| 650 | _aCHURCHES | ||
| 650 | _aECCLESIASTICAL BUILDINGS | ||
| 650 | _aEXHUMATIONS | ||
| 650 | _aHERITAGE LOTTERY FUND | ||
| 650 | _aLEAD SHEET ROOFS | ||
| 650 | _aLIGHTING | ||
| 650 | _aMONUMENTAL BRASSES | ||
| 650 | _aRESTORATION | ||
| 650 | _aSECURITY | ||
| 650 | _aSPIRES | ||
| 650 | _aSTAINED GLASS | ||
| 650 | _aTILES | ||
| 650 | _aTODMORDEN UNITARIAN CHURCH | ||
| 690 | _aCONSERVATION | ||
| 700 |
_aTaylor, Jonathan _xEditor |
||
| 700 |
_aLloyd Webber _eSir, Andrew |
||
| 700 | _aMale, Tony | ||
| 700 | _aFreeman, Jennifer M. | ||
| 700 | _aJenkins, David | ||
| 700 | _aBeckmann, Poul | ||
| 700 | _aCoote, Fred | ||
| 700 | _aTaylor, Jonathan | ||
| 700 | _aAnderson, Drew | ||
| 700 | _aLack, William | ||
| 700 | _aHall, Diana | ||
| 700 | _aPhilips, Michael | ||
| 700 | _aTaylor, Jonathan | ||
| 942 | _n0 | ||
| 948 | _c04/03/1997 | ||
| 999 |
_c90838 _d90838 |
||